000 00426nam a2200193Ia 4500
003 OSt
005 20251103160912.0
008 250729s2005 xx 000 0 und d
020 _a978-1398843332
040 _cAL
041 _aeng
082 _a574.2 SARH
100 _aSardana V
_9223804
245 _aThe human body
260 _aNew Delhi
_c2005
300 _a56p
650 _aBiology
_9223805
942 _2ddc
_cBED
999 _c236090
_d236090